[Event "ch-USA w 2017"]
[Site "Saint Louis USA"]
[Date "2017.04.01"]
[Round "4.4"]
[White "Feng, Maggie"]
[Black "Foisor, Sabina-Francesca"]
[Result "1-0"]
[WhiteTitle "WCM"]
[BlackTitle "WGM"]
[WhiteElo "2162"]
[BlackElo "2272"]
[WhiteFideId "2078090"]
[BlackFideId "1212915"]
[EventDate "2017.03.29"]

1. Nf3 d5 2. g3 Nf6 3. Bg2 e6 4. O-O c5 5. c4 d4 6. d3 Nc6 7. e3 Bd6 8. exd4
cxd4 9. Bg5 h6 10. Bxf6 Qxf6 11. Nfd2 Qg6 12. Ne4 Be7 13. f4 O-O 14. Bf3 e5 15.
Bh5 Qh7 16. Nbd2 Bh3 17. Re1 exf4 18. gxf4 Bh4 19. Qf3 Bxe1 20. Rxe1 Bf5 21. Qg3
Kh8 22. Nd6 Bxd3 23. Nxf7+ Kg8 24. Nd6 Bc2 25. N2e4 Bxe4 26. Rxe4 Rf6 27. Ne8
Kh8 28. Nxf6 gxf6 29. Bg6 Qg8 30. f5 Ne5 31. Rh4 Kg7 32. Rxd4 Qf8 33. Qg2 Qb4
34. Rd1 Rc8 35. b3 a5 36. Kh1 Qb6 37. Be8+ Kf8 38. Rg1 Qxg1+ 39. Kxg1 Kxe8 40.
Qg8+ Kd7 41. Qg7+ Ke8 42. Qxf6 Nc6 43. Qe6+ Kd8 44. f6 Kc7 45. f7 Rf8 46. Qe8 1-0

[Event "ch-USA w 2017"]
[Site "Saint Louis USA"]
[Date "2017.04.01"]
[Round "4.5"]
[White "Sharevich, Anna"]
[Black "Abrahamyan, Tatev"]
[Result "1/2-1/2"]
[WhiteTitle "WGM"]
[BlackTitle "WGM"]
[WhiteElo "2257"]
[BlackElo "2364"]
[WhiteFideId "13503189"]
[BlackFideId "13301918"]
[EventDate "2017.03.29"]

1. d4 e6 2. c4 b6 3. Nf3 Nf6 4. g3 Bb7 5. Bg2 Be7 6. O-O O-O 7. Nc3 Ne4 8. Bd2
Bf6 9. Rc1 d6 10. Qc2 Nxd2 11. Qxd2 Nd7 12. d5 Qe7 13. Nd4 Bxd4 14. Qxd4 e5 15.
Qd2 f5 16. b4 Nf6 17. Qc2 Bc8 18. c5 f4 19. cxd6 cxd6 20. Nb5 Ne8 21. Be4 Bh3
22. Bg2 Bd7 23. Nc3 Rc8 24. Qd2 Nf6 25. e3 fxg3 26. hxg3 Bf5 27. e4 Bd7 28. Qd3
Qf7 29. f3 Qg6 30. Ne2 Qg5 31. Rxc8 Rxc8 32. b5 Qh6 33. a4 g6 34. Rd1 Bh3 35.
Qd2 Qxd2 36. Rxd2 Bxg2 37. Kxg2 Rc4 38. Ra2 Rb4 39. Ra3 Rb2 40. Kf2 h5 41. Rc3
g5 42. Rc8+ Kg7 43. Rc7+ Kg6 44. Rxa7 g4 45. Rc7 gxf3 46. Kxf3 Nxe4 47. Kxe4
Rxe2+ 48. Kf3 Ra2 49. Rc6 Rxa4 50. Rxd6+ Kf5 51. Rxb6 e4+ 52. Kf2 Ke5 53. d6
Ra2+ 54. Ke1 Ke6 55. d7+ Kxd7 56. Rh6 Rg2 57. Rxh5 Rxg3 58. Re5 1/2-1/2

[Event "ch-USA w 2017"]
[Site "Saint Louis USA"]
[Date "2017.04.01"]
[Round "4.6"]
[White "Yip, Carissa"]
[Black "Nguyen, Emily"]
[Result "1-0"]
[WhiteTitle "WFM"]
[BlackTitle "WIM"]
[WhiteElo "2234"]
[BlackElo "2173"]
[WhiteFideId "2090732"]
[BlackFideId "2054000"]
[EventDate "2017.03.29"]

1. e4 c5 2. Nf3 e6 3. d4 cxd4 4. Nxd4 a6 5. Nc3 Qc7 6. Be3 Nc6 7. Qf3 Nf6 8.
O-O-O Bb4 9. Nde2 O-O 10. g4 d6 11. g5 Nd7 12. Qg3 Nce5 13. Kb1 Nc4 14. Bc1 b5
15. h4 Bb7 16. f3 Rfc8 17. g6 fxg6 18. Bh3 Nf8 19. Nd4 Nxb2 20. Bxb2 Bxc3 21.
Nxe6 Qc4 22. Nxf8 Rxf8 23. Qxd6 Rae8 24. Bd7 Bxb2 25. Bxe8 Rxe8 26. Kxb2 Rc8 27.
Qd3 Qc7 28. Rd2 Bc6 29. Qd6 Qf7 30. e5 h5 31. Rg1 Kh7 32. Rdg2 Be8 33. Rxg6 Qxg6
34. Rxg6 Bxg6 35. c3 a5 36. e6 Re8 37. Qe5 b4 38. cxb4 axb4 39. f4 1-0

[Event "ch-USA w 2017"]
[Site "Saint Louis USA"]
[Date "2017.04.02"]
[Round "5.1"]
[White "Zatonskih, Anna"]
[Black "Virkud, Apurva"]
[Result "1-0"]
[WhiteTitle "IM"]
[BlackTitle "WFM"]
[WhiteElo "2451"]
[BlackElo "2262"]
[WhiteFideId "14101572"]
[BlackFideId "2050820"]
[EventDate "2017.03.29"]

1. d4 d5 2. c4 e6 3. Nc3 Be7 4. Nf3 Nf6 5. Bf4 O-O 6. e3 c5 7. dxc5 Bxc5 8. cxd5
exd5 9. Be2 Nc6 10. O-O Be6 11. Nb5 Rc8 12. Rc1 Be7 13. h3 Qb6 14. Qa4 Bd7 15.
Qd1 a6 16. Nc3 Qxb2 17. Na4 Qb4 18. Rb1 Qa5 19. Nb6 Qxa2 20. Nxc8 Bxc8 21. Ne5
Nxe5 22. Bxe5 Qa5 23. Qd4 b5 24. Rfc1 Qd8 25. Rc6 Qd7 26. Rbc1 Bb7 27. Rc7 Rc8
28. Qb6 Rxc7 29. Rxc7 1-0

[Event "ch-USA w 2017"]
[Site "Saint Louis USA"]
[Date "2017.04.02"]
[Round "5.2"]
[White "Paikidze, Nazi"]
[Black "Yip, Carissa"]
[Result "1-0"]
[WhiteTitle "IM"]
[BlackTitle "WFM"]
[WhiteElo "2369"]
[BlackElo "2234"]
[WhiteFideId "13603620"]
[BlackFideId "2090732"]
[EventDate "2017.03.29"]

1. d4 d5 2. Nf3 Nf6 3. c4 e6 4. g3 dxc4 5. Bg2 c5 6. O-O Nc6 7. dxc5 Qxd1 8.
Rxd1 Bxc5 9. Nbd2 c3 10. bxc3 O-O 11. Nb3 Be7 12. Bb2 Nd7 13. Nfd2 Nb6 14. a4 a5
15. c4 Rd8 16. c5 Nd5 17. Nc4 Ndb4 18. Nb6 Rb8 19. Nxa5 Bxc5 20. Nxc6 Rxd1+ 21.
Rxd1 Nxc6 22. a5 f6 23. Bxc6 Bxb6 24. axb6 bxc6 25. Rd8+ Kf7 26. Ba3 Ra8 27.
Rxc8 Rxc8 28. Bd6 Rd8 29. b7 Rxd6 30. b8=Q Rd1+ 31. Kg2 Rc1 32. Qa7+ Kg8 33. Qe3
Rc2 34. Qxe6+ Kf8 35. Qe4 1-0

[Event "ch-USA w 2017"]
[Site "Saint Louis USA"]
[Date "2017.04.02"]
[Round "5.3"]
[White "Abrahamyan, Tatev"]
[Black "Feng, Maggie"]
[Result "1-0"]
[WhiteTitle "WGM"]
[BlackTitle "WCM"]
[WhiteElo "2364"]
[BlackElo "2162"]
[WhiteFideId "13301918"]
[BlackFideId "2078090"]
[EventDate "2017.03.29"]

1. e4 c5 2. Nf3 Nc6 3. Nc3 e6 4. d4 cxd4 5. Nxd4 Qc7 6. f4 Nxd4 7. Qxd4 a6 8.
Be3 b5 9. O-O-O Bb7 10. Bd3 Rc8 11. Kb1 Nf6 12. e5 Nd5 13. Ne4 Nxe3 14. Qxe3 Bd5
15. Qg3 Qa5 16. b3 Bxe4 17. Bxe4 Rc7 18. Rhf1 g6 19. h4 Ba3 20. Rf3 h5 21. Rfd3
Qb4 22. Bxg6 Rg8 23. f5 fxg6 24. fxe6 Qg4 25. exd7+ Kd8 26. Qf2 Qe6 27. Qf3 Qc6
28. Qe2 Qe6 29. Qf3 Qc6 30. Qe2 Qe6 31. Qe1 Qc6 32. Qd2 Be7 33. e6 Rf8 34. Qe2
Qc5 35. Re3 Rc6 36. g3 Rf6 37. Re5 Qf2 38. Qd3 Rfxe6 39. Rxe6 Rxe6 40. Qc3 Qc5
41. Qh8+ Bf8 42. Rf1 Kxd7 43. Rxf8 Qg1+ 44. Kb2 Qxg3 45. Qg7+ Kc6 46. Rc8+ Kd5
47. Rc3 Qe5 48. Qb7+ Kd6 49. a3 Rf6 50. Qc8 Rf7 51. Ka2 Ke7 52. Rc7+ Kf6 53.
Qh8+ Ke6 54. Qxe5+ Kxe5 55. Rxf7 Ke6 56. Ra7 Kf5 57. Rxa6 g5 58. hxg5 Kxg5 59.
Ra5 Kg4 60. Rxb5 1-0

[Event "ch-USA w 2017"]
[Site "Saint Louis USA"]
[Date "2017.04.02"]
[Round "5.4"]
[White "Yu, Jennifer R"]
[Black "Sharevich, Anna"]
[Result "0-1"]
[WhiteTitle "WIM"]
[BlackTitle "WGM"]
[WhiteElo "2196"]
[BlackElo "2257"]
[WhiteFideId "2078341"]
[BlackFideId "13503189"]
[EventDate "2017.03.29"]

1. d4 d5 2. Bf4 Nf6 3. e3 c5 4. c3 e6 5. Nd2 Nc6 6. Ngf3 cxd4 7. exd4 Nh5 8. Bg5
f6 9. Be3 Bd6 10. g3 O-O 11. Bg2 f5 12. Ne5 f4 13. Nxc6 bxc6 14. Qxh5 fxe3 15.
fxe3 Rb8 16. O-O-O Qa5 17. Kb1 Qxc3 18. Nb3 Qxe3 19. Rhe1 Qh6 20. Qxh6 gxh6 21.
Rc1 Bd7 22. Re2 Rf6 23. Na5 Rb6 24. Rec2 e5 25. Nxc6 e4 26. Ne5 Bxe5 27. dxe5
Rfc6 28. Rc5 Rxc5 29. Rxc5 Be6 30. Kc2 Rb7 31. Kc3 Kf7 32. a3 Ke8 33. b4 Rf7 34.
Rc6 Kd7 35. Rd6+ Ke7 36. Kd4 Rf2 37. Bxe4 dxe4 38. Kxe4 Re2+ 39. Kf4 Rc2 40. Ra6
Rc4+ 41. Ke3 Rc7 42. Kf4 Kf7 43. b5 Re7 44. a4 Kg7 45. Rd6 Kf7 46. Ra6 Rb7 47.
Rd6 Ke7 48. Ra6 Rc7 49. Ke3 h5 50. Kf4 Bf7 51. Kg5 Bg6 52. Kh6 Rb7 53. Kg5 Kf7
54. Kh6 Re7 55. h4 Bd3 56. Kxh5 Rxe5+ 57. Kg4 Re7 58. Kg5 Rb7 59. Rc6 Be4 60.
Rc4 Bd5 61. Rc5 Ke6 62. Kh6 Be4 63. g4 Kd6 64. Rc1 Ke5 65. Kh5 Kf4 66. Rc4 Rb6
67. Rb4 a5 68. Rc4 Ke3 69. Rc7 Kf4 70. Rf7+ Kg3 71. Re7 Bc2 72. Rc7 Bxa4 73.
Rc3+ Kf2 74. Ra3 Rxb5+ 75. Kh6 Bc2 76. Rc3 Bb1 77. g5 Rb6+ 78. Kg7 a4 79. Ra3
Ra6 80. h5 Ke2 81. Ra1 Be4 82. Ra3 Kd2 83. Kg8 Ra5 84. g6 Bxg6 85. hxg6 hxg6 86.
Kg7 g5 87. Kf6 Kc2 88. Ra2+ Kb3 89. Rg2 a3 90. Rg3+ Kc4 91. Rg4+ 0-1

[Event "ch-USA w 2017"]
[Site "Saint Louis USA"]
[Date "2017.04.02"]
[Round "5.5"]
[White "Nguyen, Emily"]
[Black "Krush, Irina"]
[Result "0-1"]
[WhiteTitle "WIM"]
[BlackTitle "GM"]
[WhiteElo "2173"]
[BlackElo "2444"]
[WhiteFideId "2054000"]
[BlackFideId "2012782"]
[EventDate "2017.03.29"]

1. d4 Nf6 2. Nf3 d5 3. c4 e6 4. Nc3 dxc4 5. e3 a6 6. Bxc4 b5 7. Bb3 Bb7 8. O-O
c5 9. Qe2 Nbd7 10. Rd1 Qc7 11. d5 exd5 12. Nxd5 Nxd5 13. Bxd5 Bxd5 14. Rxd5 Be7
15. b3 Nf6 16. Rd1 O-O 17. Bb2 Rfd8 18. Rac1 Rxd1+ 19. Qxd1 Rd8 20. Qc2 Qd6 21.
h3 h6 22. Nh4 Bf8 23. Nf5 Qe6 24. Bxf6 Qxf6 25. Ng3 Qd6 26. Ne4 Qe5 27. Nd2 Rd5
28. Nf3 Qd6 29. e4 Rd3 30. Kf1 Qf4 31. Qxd3 Qxc1+ 32. Ne1 c4 33. Qc2 Qa1 34. Ke2
Bb4 35. Nf3 c3 36. Ne1 Bc5 37. Nd3 Bd4 38. b4 Qg1 39. Kf3 Qf1 40. e5 Kf8 41. Ke4
Bb6 42. Kf3 Qa1 43. Qc1 Qxc1 44. Nxc1 Ke7 45. Ke2 Ke6 46. Kd3 Bxf2 47. Kxc3 Kd5
48. Kd3 Kxe5 49. Ne2 f5 50. a3 g5 51. Nc1 h5 52. Nb3 g4 53. hxg4 fxg4 54. Na5
Kd5 55. Nb3 h4 56. Ke2 Bd4 57. Nd2 Bb2 58. Nb1 Kd4 59. Nd2 Bxa3 60. Nb3+ Kc4 61.
Nc5 Bxb4 62. Nxa6 Bd6 0-1

[Event "ch-USA w 2017"]
[Site "Saint Louis USA"]
[Date "2017.04.02"]
[Round "5.6"]
[White "Foisor, Sabina-Francesca"]
[Black "Nemcova, Katerina"]
[Result "1-0"]
[WhiteTitle "WGM"]
[BlackTitle "WGM"]
[WhiteElo "2272"]
[BlackElo "2359"]
[WhiteFideId "1212915"]
[BlackFideId "322750"]
[EventDate "2017.03.29"]

1. d4 e6 2. c4 f5 3. Nf3 Nf6 4. e3 b6 5. Bd3 Bb7 6. O-O Be7 7. Nc3 O-O 8. Qc2
Na6 9. a3 Bxf3 10. gxf3 c5 11. d5 Nc7 12. e4 Bd6 13. exf5 exd5 14. cxd5 Be5 15.
Bg5 Qe8 16. Bh4 Qh5 17. Bg3 Bxc3 18. bxc3 Ncxd5 19. Be4 Nxe4 20. fxe4 Nf6 21.
Rad1 Rae8 22. f3 Qg5 23. Qd2 Qxd2 24. Rxd2 g6 25. fxg6 hxg6 26. Bh4 Re6 27. Kg2
Rf7 28. Rfd1 Kg7 29. Bg3 Rfe7 30. e5 Nh5 31. f4 Nxg3 32. hxg3 b5 33. Rxd7 Kf8
34. R7d6 c4 35. Kf3 a5 36. Ke4 Kf7 37. Rxe6 Rxe6 38. Rd7+ 1-0

[Event "ch-USA w 2017"]
[Site "Saint Louis USA"]
[Date "2017.04.04"]
[Round "6.1"]
[White "Krush, Irina"]
[Black "Paikidze, Nazi"]
[Result "0-1"]
[WhiteTitle "GM"]
[BlackTitle "IM"]
[WhiteElo "2444"]
[BlackElo "2369"]
[WhiteFideId "2012782"]
[BlackFideId "13603620"]
[EventDate "2017.03.29"]

1. d4 Nf6 2. c4 e6 3. Nf3 b6 4. g3 Bb4+ 5. Bd2 Bxd2+ 6. Qxd2 Ba6 7. Qc2 Bb7 8.
Bg2 O-O 9. O-O c5 10. dxc5 bxc5 11. Nc3 d6 12. Rfd1 Qe7 13. Qd3 Rd8 14. Ne5 Na6
15. Bxb7 Qxb7 16. Qf3 Qxf3 17. Nxf3 Nb4 18. Rd2 Kf8 19. Rad1 Ke7 20. e3 h6 21.
Kf1 Nc6 22. Ke2 Rab8 23. b3 Rb7 24. h3 Rbd7 25. Ne1 g5 26. f4 Rg8 27. Kf2 h5 28.
Nf3 g4 29. hxg4 hxg4 30. Ng5 Rgd8 31. Rh1 d5 32. cxd5 Nxd5 33. Nce4 Nf6 34.
Rxd7+ Nxd7 35. Ke2 Nb4 36. Nc3 Nf6 37. Nge4 Nxa2 38. Ra1 Nxc3+ 39. Nxc3 Rd7 40.
Ra5 Rb7 41. Rxc5 Rxb3 42. Rc7+ Kf8 43. Kd1 Ra3 44. Kc2 Ra1 45. Kd3 Rg1 46. Rxa7
Rxg3 47. Ne4 Nxe4 48. Kxe4 Rf3 49. Ra5 f5+ 50. Ke5 Kf7 51. e4 Re3 52. Ra7+ Kg6
53. Ra4 Rxe4+ 0-1

[Event "ch-USA w 2017"]
[Site "Saint Louis USA"]
[Date "2017.04.04"]
[Round "6.2"]
[White "Yip, Carissa"]
[Black "Zatonskih, Anna"]
[Result "1-0"]
[WhiteTitle "WFM"]
[BlackTitle "IM"]
[WhiteElo "2234"]
[BlackElo "2451"]
[WhiteFideId "2090732"]
[BlackFideId "14101572"]
[EventDate "2017.03.29"]

1. e4 e6 2. d4 d5 3. Nd2 dxe4 4. Nxe4 Bd7 5. Nf3 Bc6 6. Bd3 Nd7 7. Be3 Ngf6 8.
Nxf6+ Qxf6 9. c3 h6 10. Qc2 Bxf3 11. gxf3 c6 12. f4 Bd6 13. f5 e5 14. O-O-O O-O
15. Kb1 Qh4 16. Rdg1 Nf6 17. f3 Rfe8 18. Qg2 Bf8 19. dxe5 Rxe5 20. Bf2 Qg5 21.
Qf1 Qh5 22. Bd4 Rxf5 23. Bxf5 Qxf5+ 24. Ka1 Re8 25. Qb1 Qf4 26. Qc1 Qf5 27. Re1
Rxe1 28. Qxe1 b6 29. Rg1 Nh5 30. Qe4 Qxe4 31. fxe4 f6 32. Be3 Kf7 33. Rd1 Ke8
34. b4 g5 35. a4 Ng7 36. a5 bxa5 37. bxa5 a6 38. Rb1 Bd6 39. h3 Bc7 40. Rb7 Ne6
41. Bb6 Kd8 42. Rb8+ Kd7 43. Ra8 Bxb6 44. axb6 Nc5 45. Rh8 h5 46. e5 fxe5 47.
Rxh5 Ne6 48. Rh8 Nd8 49. Rg8 1-0

[Event "ch-USA w 2017"]
[Site "Saint Louis USA"]
[Date "2017.04.04"]
[Round "6.3"]
[White "Foisor, Sabina-Francesca"]
[Black "Abrahamyan, Tatev"]
[Result "1-0"]
[WhiteTitle "WGM"]
[BlackTitle "WGM"]
[WhiteElo "2272"]
[BlackElo "2364"]
[WhiteFideId "1212915"]
[BlackFideId "13301918"]
[EventDate "2017.03.29"]

1. Nf3 Nf6 2. c4 e6 3. Nc3 Bb4 4. Qc2 b6 5. a3 Bxc3 6. Qxc3 Bb7 7. b4 d6 8. Bb2
Nbd7 9. g3 O-O 10. Bg2 Ne5 11. O-O Nxf3+ 12. exf3 Qe7 13. Rfe1 Rfd8 14. d4 d5
15. c5 Ba6 16. a4 Bc4 17. Bf1 Bxf1 18. Kxf1 a6 19. Qd3 Rdb8 20. Bc3 Ne8 21. Bd2
Qd7 22. Rec1 bxc5 23. bxc5 Qc6 24. Rcb1 Nf6 25. Bf4 Nd7 26. Qc3 f6 27. Re1 Rb7
28. Ra2 a5 29. Rae2 Nf8 30. Rb2 Kf7 31. Reb1 Rxb2 32. Qxb2 g5 33. Bd2 Qxa4 34.
Qb7 Qxd4 35. Qxc7+ Kg6 36. Rb7 f5 37. Qf7+ Kh6 38. Be3 1-0

[Event "ch-USA w 2017"]
[Site "Saint Louis USA"]
[Date "2017.04.04"]
[Round "6.4"]
[White "Feng, Maggie"]
[Black "Yu, Jennifer R"]
[Result "1-0"]
[WhiteTitle "WCM"]
[BlackTitle "WIM"]
[WhiteElo "2162"]
[BlackElo "2196"]
[WhiteFideId "2078090"]
[BlackFideId "2078341"]
[EventDate "2017.03.29"]

1. Nf3 d5 2. g3 Bg4 3. Bg2 Nd7 4. c4 c6 5. cxd5 cxd5 6. Qa4 Nf6 7. Nc3 Bxf3 8.
Bxf3 e6 9. O-O Bd6 10. d3 O-O 11. Bg2 a6 12. Qd1 b5 13. e4 d4 14. Ne2 e5 15. f4
Rc8 16. h3 Qb6 17. f5 Nc5 18. g4 Nfd7 19. g5 b4 20. f6 g6 21. h4 b3 22. a4 Rc7
23. h5 Rb8 24. hxg6 hxg6 25. Rf3 Kf8 26. Ng3 Ke8 27. Bh3 Kd8 28. Nf1 Nb7 29. Nh2
Rc5 30. Ng4 Kc7 31. Nh6 Rf8 32. Bd2 Nb8 33. Nxf7 Rxf7 34. Be6 Rf8 35. Bxb3 Nc6
36. Rb1 Kb8 37. Rh3 Nb4 38. Bxb4 Qxb4 39. Rh6 Na5 40. Be6 Rc7 41. Rxg6 Rh7 42.
Rg8 Rxg8 43. Bxg8 Rh8 44. Bd5 Bf8 45. Rc1 Nb7 46. Qc2 Nc5 47. g6 Rh6 48. Bf7 Rh4
49. Kg2 Bh6 50. Kg3 Bxc1 51. Qxc1 Nxd3 52. g7 Nxc1 53. g8=Q+ Ka7 54. Kxh4 Qe1+
55. Kg5 Qxe4 56. Bd5 Qf4+ 57. Kg6 Qg4+ 58. Kf7 Qd7+ 59. Kf8 Qf5 60. Qf7+ Kb6 61.
Qb7+ Ka5 62. Qc7+ Kxa4 63. f7 d3 64. Qc4+ Ka5 65. Qc5+ Ka4 66. Qxc1 Qg4 1-0

[Event "ch-USA w 2017"]
[Site "Saint Louis USA"]
[Date "2017.04.04"]
[Round "6.5"]
[White "Sharevich, Anna"]
[Black "Nguyen, Emily"]
[Result "1-0"]
[WhiteTitle "WGM"]
[BlackTitle "WIM"]
[WhiteElo "2257"]
[BlackElo "2173"]
[WhiteFideId "13503189"]
[BlackFideId "2054000"]
[EventDate "2017.03.29"]

1. d4 d5 2. Nf3 Nf6 3. g3 c6 4. Bg2 Bf5 5. O-O e6 6. c4 Nbd7 7. Nc3 h6 8. Qb3
Qb6 9. c5 Qxb3 10. axb3 a6 11. b4 Rc8 12. Bf4 Be7 13. h3 g5 14. Be5 O-O 15. g4
Bg6 16. Bh2 Ne4 17. Nxe4 dxe4 18. Nd2 f5 19. e3 Nf6 20. Nc4 Rcd8 21. Ne5 Bh7 22.
b5 cxb5 23. c6 Nd5 24. cxb7 Nb4 25. b8=Q Rxb8 26. Nd7 Rb7 27. Nxf8 Kxf8 28. Rfc1
Bg6 29. Rc8+ Kf7 30. f3 exf3 31. Bxf3 Rd7 32. gxf5 Bxf5 33. Rf1 Bf6 34. Bg4 Bxg4
35. hxg4 Kg7 36. Re8 Re7 37. Rxe7+ Bxe7 38. Be5+ Kg6 39. Rc1 Nd3 40. Rc6 Kf7 41.
Rxa6 Nxe5 42. dxe5 b4 43. Kf2 Bf8 44. Kf3 Bc5 45. Rc6 Bf8 46. Rc7+ Be7 47. Ke4
Ke8 48. Kd4 Kf8 49. Kc4 Kf7 50. Kb5 Kf8 51. Kc6 Kf7 52. Kd7 Bf8 53. Rc6 1-0

[Event "ch-USA w 2017"]
[Site "Saint Louis USA"]
[Date "2017.04.04"]
[Round "6.6"]
[White "Nemcova, Katerina"]
[Black "Virkud, Apurva"]
[Result "1-0"]
[WhiteTitle "WGM"]
[BlackTitle "WFM"]
[WhiteElo "2359"]
[BlackElo "2262"]
[WhiteFideId "322750"]
[BlackFideId "2050820"]
[EventDate "2017.03.29"]

1. e4 c5 2. Nf3 d6 3. d4 cxd4 4. Nxd4 Nf6 5. Nc3 a6 6. Nb3 e6 7. g4 Be7 8. g5
Nfd7 9. h4 b5 10. Bg2 Bb7 11. f4 Qc7 12. Be3 Nc5 13. Qd4 Bf8 14. O-O-O Nbd7 15.
Kb1 Rc8 16. Rhe1 Na4 17. Bd2 Ndb6 18. Nxa4 Nxa4 19. Rc1 Ba8 20. Ba5 Qc6 21. Bf1
Nc5 22. c4 b4 23. Bxb4 Nxe4 24. Bg2 Qa4 25. Ba3 Nc5 26. Bxa8 Rxa8 27. Nxc5 dxc5
28. Bxc5 Rd8 29. Qe3 Bd6 30. Bxd6 Rxd6 31. Qe5 Rd2 32. Qxg7 Rf8 33. f5 Qa5 34.
c5 1-0

[Event "ch-USA w 2017"]
[Site "Saint Louis USA"]
[Date "2017.04.05"]
[Round "7.1"]
[White "Paikidze, Nazi"]
[Black "Sharevich, Anna"]
[Result "1/2-1/2"]
[WhiteTitle "IM"]
[BlackTitle "WGM"]
[WhiteElo "2369"]
[BlackElo "2257"]
[WhiteFideId "13603620"]
[BlackFideId "13503189"]
[EventDate "2017.03.29"]

1. Nf3 d5 2. c4 d4 3. g3 c5 4. e3 Nc6 5. exd4 cxd4 6. Bg2 Nf6 7. O-O g6 8. d3
Bg7 9. Re1 O-O 10. Na3 Nd7 11. Nc2 a5 12. b3 h6 13. Rb1 Nc5 14. Ba3 Na6 15. Qd2
Re8 16. h3 Bd7 17. Bb2 e5 18. a3 Rb8 19. b4 axb4 20. axb4 b5 21. Ba1 Nc7 22. Nh2
Na7 23. f4 f6 24. fxe5 fxe5 25. Be4 Rb6 26. h4 Rf8 27. Rf1 Bf5 28. Bg2 Ra6 29.
Bb2 Ra2 30. Na3 bxc4 31. Nxc4 Nd5 32. Ra1 Rxa1 33. Rxa1 Nb5 34. Ra5 Ndc7 35. Na3
Nd6 36. Qc2 Kh7 37. Nc4 Ndb5 38. Nf1 1/2-1/2

[Event "ch-USA w 2017"]
[Site "Saint Louis USA"]
[Date "2017.04.05"]
[Round "7.2"]
[White "Zatonskih, Anna"]
[Black "Krush, Irina"]
[Result "1/2-1/2"]
[WhiteTitle "IM"]
[BlackTitle "GM"]
[WhiteElo "2451"]
[BlackElo "2444"]
[WhiteFideId "14101572"]
[BlackFideId "2012782"]
[EventDate "2017.03.29"]

1. e4 c5 2. c3 Nf6 3. e5 Nd5 4. d4 cxd4 5. Nf3 Nc6 6. cxd4 d6 7. Bc4 Nb6 8. Bb5
dxe5 9. Nxe5 Bd7 10. Nxd7 Qxd7 11. O-O Rd8 12. Nc3 a6 13. Bxc6 Qxc6 14. Qg4 g6
15. Re1 Bg7 16. Bg5 O-O 17. Rad1 Nd5 18. Nxd5 Rxd5 19. Bxe7 Re8 20. h3 Qd7 21.
Qxd7 Rxd7 22. Bc5 Rxe1+ 23. Rxe1 Bxd4 24. Bxd4 Rxd4 25. Re2 h5 26. g3 h4 27.
gxh4 Rxh4 28. Re7 b5 29. Ra7 Ra4 30. a3 g5 31. Kg2 1/2-1/2

[Event "ch-USA w 2017"]
[Site "Saint Louis USA"]
[Date "2017.04.05"]
[Round "7.3"]
[White "Yu, Jennifer R"]
[Black "Foisor, Sabina-Francesca"]
[Result "1/2-1/2"]
[WhiteTitle "WIM"]
[BlackTitle "WGM"]
[WhiteElo "2196"]
[BlackElo "2272"]
[WhiteFideId "2078341"]
[BlackFideId "1212915"]
[EventDate "2017.03.29"]

1. c4 e6 2. Nc3 d5 3. d4 Nf6 4. cxd5 exd5 5. Bg5 Be7 6. e3 Nbd7 7. Bd3 c6 8. Qc2
h6 9. Bh4 Nh5 10. Bxe7 Qxe7 11. Nge2 Nb6 12. h3 Bd7 13. g4 Nf6 14. Ng3 O-O-O 15.
O-O-O Kb8 16. Kb1 Rc8 17. Rhe1 c5 18. Bf5 g6 19. Bxd7 Qxd7 20. e4 cxd4 21. Rxd4
Qc7 22. e5 Ne4 23. Ngxe4 Qxe5 24. Qd2 dxe4 25. Rexe4 Qc5 26. Qf4+ Ka8 27. Re5
Qc6 28. Qe4 Rhe8 29. Qxc6 bxc6 30. Rde4 Rxe5 31. Rxe5 Rd8 32. Re7 f5 33. gxf5
gxf5 34. Re6 Rd2 35. Rxh6 Rxf2 36. Rxc6 Kb7 37. Rc5 f4 38. Ne4 Re2 39. Nd6+ Kb8
40. Rf5 Rf2 41. b3 Kc7 42. Ne4 Re2 43. Ng5 Kd6 44. Rf6+ Kd5 45. Rxf4 Ke5 46. Rf8
Kd4 47. Rf4+ Kd3 48. Rf5 Kd4 49. Rf4+ Kd3 50. Rf3+ Kd4 51. Rf4+ 1/2-1/2

[Event "ch-USA w 2017"]
[Site "Saint Louis USA"]
[Date "2017.04.05"]
[Round "7.4"]
[White "Nguyen, Emily"]
[Black "Feng, Maggie"]
[Result "0-1"]
[WhiteTitle "WIM"]
[BlackTitle "WCM"]
[WhiteElo "2173"]
[BlackElo "2162"]
[WhiteFideId "2054000"]
[BlackFideId "2078090"]
[EventDate "2017.03.29"]

1. d4 e6 2. c4 f5 3. Nf3 Nf6 4. g3 d5 5. Bg2 c6 6. O-O Bd6 7. b3 Qe7 8. Bb2 b6
9. Qc1 Bb7 10. Ba3 Nbd7 11. Bxd6 Qxd6 12. Qb2 O-O 13. Nbd2 c5 14. e3 Ne4 15.
Rad1 Qe7 16. Rfe1 g5 17. Ne5 Nxe5 18. dxe5 g4 19. f4 gxf3 20. Nxf3 Rad8 21. Qc2
Bc6 22. Bf1 Kh8 23. Bd3 dxc4 24. Bxc4 Nxg3 25. hxg3 Bxf3 26. Rxd8 Rxd8 27. Qf2
Bc6 28. Bf1 Qg7 29. Qf4 Be4 30. Kf2 Rd2+ 31. Re2 Rd5 32. Bg2 Bxg2 33. Kxg2 Qxe5
34. Qh6 Rd8 35. Qh4 Qe4+ 36. Qxe4 fxe4 37. Kh3 h5 38. g4 hxg4+ 39. Kxg4 Rf8 40.
Rd2 Kg7 41. Kg5 Rf5+ 42. Kg4 Rf3 43. Rd7+ Rf7 44. Rd2 Kf8 45. Rc2 Rf3 46. Rc3
Ke7 47. a3 Kd6 48. b4 Kd5 49. bxc5 bxc5 50. Rb3 Kc4 51. Rb7 a5 52. Re7 Rxe3 53.
Rxe6 Kd5 54. Ra6 Rxa3 0-1

[Event "ch-USA w 2017"]
[Site "Saint Louis USA"]
[Date "2017.04.05"]
[Round "7.5"]
[White "Abrahamyan, Tatev"]
[Black "Nemcova, Katerina"]
[Result "1/2-1/2"]
[WhiteTitle "WGM"]
[BlackTitle "WGM"]
[WhiteElo "2364"]
[BlackElo "2359"]
[WhiteFideId "13301918"]
[BlackFideId "322750"]
[EventDate "2017.03.29"]

1. e4 c5 2. Nf3 g6 3. d4 cxd4 4. Nxd4 Bg7 5. Nc3 Nc6 6. Be3 Nf6 7. Bc4 O-O 8.
Bb3 Re8 9. Nxc6 dxc6 10. Qxd8 Rxd8 11. f3 b6 12. a4 Ba6 13. a5 Nd7 14. Kf2 Nc5
15. axb6 axb6 16. Rhd1 Rxd1 17. Rxd1 Kf8 18. Na4 Nxa4 19. Bxa4 b5 20. Bb3 Bxb2
21. Rd7 Be5 22. Bc5 Re8 23. g3 Bc8 24. Rd1 Bc7 25. Ke3 Kg7 26. Bd4+ e5 27. Bc5
f5 28. Ra1 Bb8 29. Rd1 Kf6 30. Bb6 Ke7 31. Bc5+ Kf6 32. Bb6 Ke7 33. Bc5+ Kf6 34.
Bb6 1/2-1/2

[Event "ch-USA w 2017"]
[Site "Saint Louis USA"]
[Date "2017.04.05"]
[Round "7.6"]
[White "Virkud, Apurva"]
[Black "Yip, Carissa"]
[Result "1-0"]
[WhiteTitle "WFM"]
[BlackTitle "WFM"]
[WhiteElo "2262"]
[BlackElo "2234"]
[WhiteFideId "2050820"]
[BlackFideId "2090732"]
[EventDate "2017.03.29"]

1. d4 Nf6 2. c4 g6 3. f3 Bg7 4. e4 d6 5. Nc3 O-O 6. Bg5 c5 7. d5 a6 8. Qd2 e6 9.
Nge2 exd5 10. cxd5 b5 11. Ng3 Nbd7 12. Be2 Qa5 13. O-O Re8 14. a4 b4 15. Nd1 Qc7
16. Bh6 Ne5 17. Kh1 a5 18. Qg5 Bh8 19. Ne3 Nfd7 20. Qh4 Nb6 21. Bg5 Ned7 22. Ng4
Bxb2 23. Nh6+ Kf8 24. Nhf5 gxf5 25. Qxh7 Nf6 26. Qh6+ Ke7 27. Bb5 Rg8 28. Rae1
Kd8 29. exf5 Nxd5 30. Ne4 Qe7 31. Nxf6 Bxf6 32. Rxe7 Kxe7 33. Re1+ Be6 34. Bxf6+
Nxf6 35. fxe6 1-0